[Event "German Club Cup Final"]
[Site "Dresden GER"]
[Date "2017.05.14"]
[Round "2.2"]
[White "Gungl,T"]
[Black "Kopylov,M"]
[Result "1-0"]
[WhiteElo "2239"]
[BlackElo "2433"]

1.e4 Nf6 2.e5 Nd5 3.d4 d6 4.c4 Nb6 5.exd6 exd6 6.Nc3 Be7 7.h3 O-O 8.Nf3 Bf6
9.Be2 Be6 10.b3 d5 11.c5 N6d7 12.Bb2 Nc6 13.O-O Re8 14.Qd2 Nf8 15.Rfe1 Ng6
16.Bb5 a6 17.Bxc6 bxc6 18.Ne5 Bxe5 19.dxe5 Qh4 20.Ne2 a5 21.Bc3 a4 22.b4 a3
23.Nd4 Bd7 24.Re3 Nf4 25.Rae1 Ne6 26.Rg3 Nxd4 27.Bxd4 Re6 28.Ree3 Rg6 29.Rxa3
Rxa3 30.Rxa3 h6 31.Kh2 Bf5 32.Rg3 Rxg3 33.fxg3 Qe4 34.a4 Qd3 35.Qb2 Qc2
36.Qxc2 Bxc2 37.b5 cxb5 38.axb5 Ba4 39.b6 cxb6 40.cxb6 Bc6 41.Bc5 h5 42.g4
hxg4 43.hxg4 d4 44.Kg3 d3 45.Kf2 d2 46.Ke2 Bxg2 47.Kxd2 Kh7 48.Kc3 Kg6 49.Be3
f5 50.Kd4 f4 51.Bxf4 Kf7 52.Ke3 Bb7 53.Bg3 Ke6 54.Kf4 Bc6 55.Kg5 Be4 56.Bh2
Kf7 57.Bg1 Ke6 58.Bd4 g6 59.Kf4 Bc6 60.Bc5 Bb7 61.Bd6 Bc6 62.Kg5 Be4 63.Kh6
Kf7 64.Bc7 Kf8 65.Bd8 Kf7 66.Bf6 Bf3 67.g5 Be4 68.Kh7 Bb7 69.e6+ Kxe6 70.Kxg6
Kd7 71.Bd4 Bd5 72.Kg7 Ke8 73.g6 Be4 74.Kh8 {#r} 1-0

[Event "German Int Juniors 2017"]
[Site "Stroebeck GER"]
[Date "2017.05.12"]
[Round "1.2"]
[White "Heinemann,Josefine"]
[Black "Engel,Luis"]
[Result "1-0"]
[WhiteElo "2244"]
[BlackElo "2362"]
[EventType "k.o."]

1.e4 c5 2.Nf3 d6 3.d4 cxd4 4.Nxd4 Nf6 5.Nc3 Nbd7 6.g4 h6 7.h4 Nc5 8.f3 a6
9.Be3 e5 10.Nb3 Nxb3 11.cxb3 Be6 12.Bc4 Rc8 13.Qd3 Qc7 14.Nd5 Nxd5 15.Bxd5 Be7
16.Ke2 Bxd5 17.exd5 Qc2+ 18.Qxc2 Rxc2+ 19.Kd3 Rxb2 20.Bd2 Bf6 21.g5 e4+
22.fxe4 Rxd2+ 23.Kxd2 Bxa1 24.Rxa1 hxg5 25.hxg5 Rh2+ 26.Ke3 Rc2 27.Kd3 Rg2
28.Rc1 Rxg5 29.Rc7 Rg3+ 30.Kd4 g5 31.Rxb7 Kf8 32.Rc7 g4 33.e5 dxe5+ 34.Kxe5
Rf3 35.d6 g3 36.Rc8+ Kg7 37.d7 {#r} 1-0

[Event "6th Llucmajor Open 2017"]
[Site "Llucmajor ESP"]
[Date "2017.05.14"]
[Round "2.4"]
[White "Garcia del Rey,S"]
[Black "Fridman,D"]
[Result "0-1"]
[WhiteElo "2247"]
[BlackElo "2605"]

1.Nf3 d5 2.c4 e6 3.g3 dxc4 4.Bg2 a6 5.O-O Nf6 6.a4 Nc6 7.a5 Bd7 8.b3 cxb3
9.Qxb3 Bd6 10.Bb2 O-O 11.Rc1 Qe7 12.d4 Rab8 13.Ne5 Rfd8 14.Nd2 Na7 15.Ndc4 Bb5
16.Rc2 Qe8 17.e4 Be7 18.Ne3 Nc6 19.d5 exd5 20.exd5 Nxe5 21.Bxe5 Bd6 22.Bxf6
gxf6 23.Ng4 Kh8 24.Qf3 Qe7 25.Rac1 Kg7 26.h4 Re8 27.h5 h6 28.Ne3 Bd3 29.Rc4
Kh8 30.Rd4 Bh7 31.Ng4 f5 32.Ne3 Qg5 33.Rdc4 Re7 34.Bh3 f4 35.Ng4 fxg3 36.fxg3
f5 37.Qc3+ Rg7 38.Re1 Qxh5 39.Nf2 Bxg3 40.Re7 Be5+ {#R} 0-1

[Event "16th Asian Continental w"]
[Site "Chengdu CHN"]
[Date "2017.05.14"]
[Round "3.15"]
[White "Uuriintuya,Uurtsaikh"]
[Black "Xu,Yuze"]
[Result "0-1"]
[WhiteElo "2251"]
[BlackElo "2040"]

1.e4 c5 2.Nf3 Nc6 3.d4 cxd4 4.Nxd4 g6 5.Nc3 Bg7 6.Be3 Nf6 7.Bc4 Qa5 8.O-O O-O
9.Bb3 d6 10.Nd5 Qd8 11.Nxf6+ Bxf6 12.c3 Na5 13.f4 Bd7 14.Qd3 a6 15.f5 Nxb3
16.axb3 Qc7 17.Rf3 Rad8 18.Ne2 e6 19.Bh6 Qc5+ 20.Kh1 exf5 21.Bxf8 Rxf8 22.Ng3
Bc6 23.Rff1 d5 24.exf5 Bb5 25.c4 dxc4 26.Qc2 Qd4 27.bxc4 Qxc4 28.Rfc1 Qd4
29.Ra2 Rd8 30.b3 Bg5 31.Rca1 Bd3 32.Qf2 Qc3 33.Qf3 Re8 34.Ne2 Rxe2 35.h4 Rxa2
36.Rxa2 Qe1+ 37.Kh2 Qxh4+ 38.Qh3 Bf4+ {#R} 0-1

[Event "16th Asian Continental w"]
[Site "Chengdu CHN"]
[Date "2017.05.13"]
[Round "2.17"]
[White "Chu,Ruotong"]
[Black "Anu,B"]
[Result "1-0"]
[WhiteElo "2251"]
[BlackElo "2067"]

1.d4 Nf6 2.c4 c5 3.d5 e6 4.Nc3 exd5 5.cxd5 g6 6.Nf3 d6 7.Bf4 a6 8.a4 Bg7 9.h3
O-O 10.e3 Qe7 11.Be2 Nbd7 12.O-O Ne8 13.Re1 b6 14.Nd2 Rb8 15.Qb3 Ne5 16.Bg3 g5
17.f4 Ng6 18.Bf1 Nc7 19.fxg5 Be5 20.Bxe5 Nxe5 21.Nce4 Ne8 22.Be2 h6 23.gxh6 f5
24.Nf2 Qg5 25.Nf3 Nxf3+ 26.Bxf3 Nf6 27.Qc4 Bb7 28.Rad1 Rbe8 29.e4 Nd7 30.Nd3
f4 31.Rf1 Kh7 32.Bg4 Ne5 33.Nxe5 Qxe5 34.Bf5+ Kxh6 35.Qc1 Rxf5 36.exf5 Qe3+
37.Qxe3 fxe3 38.Rfe1 c4 39.Re2 Kg5 40.Rde1 Kf4 41.f6 Bxd5 42.Rf1+ Ke4 43.Rxe3+
Kxe3 44.Re1+ Kd3 45.Rxe8 b5 46.axb5 axb5 47.Rb8 Kc2 48.Rxb5 Bf7 49.Kf2 d5
50.Ke3 {#r} 1-0

[Event "16th Asian Continental w"]
[Site "Chengdu CHN"]
[Date "2017.05.13"]
[Round "2.6"]
[White "Nandhidhaa,P"]
[Black "Pham Le Thao Nguyen"]
[Result "0-1"]
[WhiteElo "2252"]
[BlackElo "2331"]

1.b3 d5 2.Bb2 Bf5 3.e3 e6 4.Nf3 Nd7 5.Be2 h6 6.O-O Ngf6 7.c4 Bd6 8.d4 c6
9.Nbd2 Qb8 10.Qc1 O-O 11.Ba3 Re8 12.Rd1 Bc7 13.Nf1 Ne4 14.Ng3 Bg4 15.Qc2 f5
16.Bb2 Re7 17.b4 Bxf3 18.Bxf3 Ndf6 19.a4 Bxg3 20.fxg3 Qe8 21.Ba3 Rd7 22.Rac1
a6 23.Qb3 b5 24.cxb5 cxb5 25.Be2 Rb7 26.Qc2 Nd6 27.Qc6 Qe7 28.Bd3 Raa7 29.Qc2
Nc4 30.Qb3 Rc7 31.Re1 Rc6 32.Ra1 Rac7 33.Bb2 Rc8 34.axb5 axb5 35.Ra2 Ne4
36.Rea1 Qg5 37.Bxe4 fxe4 38.Bc1 Qg4 39.Bd2 Qe2 40.Qc3 Rf8 41.h3 Rf2 {#R} 0-1

[Event "Asian Juniors 2017"]
[Site "Shiraz IRI"]
[Date "2017.05.10"]
[Round "9.8"]
[White "Gholami Orimi,Mahdi"]
[Black "Tran,Minh Thang"]
[Result "0-1"]
[WhiteElo "2256"]
[BlackElo "2409"]

1.d4 Nf6 2.Nf3 e6 3.c4 b6 4.Nc3 Bb7 5.g3 Bb4 6.Bg2 Ne4 7.Qd3 Nxc3 8.bxc3 Be7
9.e4 d6 10.O-O Nc6 11.Nd2 O-O 12.f4 e5 13.Nb3 a5 14.Be3 a4 15.Nd2 Na5 16.Qc2
Qd7 17.fxe5 dxe5 18.Rf5 g6 19.Rxe5 Bf6 20.Rb5 Nxc4 21.Nxc4 Qxb5 22.Nd2 Bg5
23.Re1 Bxe3+ 24.Rxe3 a3 25.Nb3 f5 26.c4 Qb4 27.e5 Bxg2 28.Kxg2 f4 29.Re4 b5
30.cxb5 fxg3 31.hxg3 Qxb5 32.Re2 Qd5+ 33.Qe4 c6 34.Re3 Qxe4+ 35.Rxe4 Kf7 {#R}
0-1

[Event "16th Asian Continental w"]
[Site "Chengdu CHN"]
[Date "2017.05.15"]
[Round "4.10"]
[White "Nguyen Thi Mai Hung"]
[Black "Nguyen Thi Thanh An"]
[Result "1-0"]
[WhiteElo "2257"]
[BlackElo "2280"]

1.d4 Nf6 2.Nf3 g6 3.g3 Bg7 4.Bg2 c5 5.c3 Qc7 6.O-O O-O 7.Re1 d6 8.a4 Nc6
9.dxc5 dxc5 10.e4 Rd8 11.Qe2 e5 12.Na3 b6 13.Bg5 h6 14.Bxf6 Bxf6 15.Rad1 Bb7
16.Nd2 a6 17.Ndc4 Ne7 18.Ne3 Rxd1 19.Rxd1 Rd8 20.Nd5 Nxd5 21.exd5 Qd7 22.Qc4
Kg7 23.Qb3 Qg4 24.Re1 Qg5 25.Nc4 Bxd5 26.Bxd5 Rxd5 27.Qxb6 Qh5 28.Kg2 Rd1
29.Rxd1 Qxd1 30.Qxc5 Qxa4 31.Nd6 Qd7 32.Qd5 h5 33.h3 e4 34.c4 Bxb2 35.c5 e3
36.c6 Qe7 37.fxe3 Be5 38.c7 Bxd6 39.c8=Q Qxe3 40.Qf3 Qd2+ 41.Kf1 Be5 42.Qxa6
Qc1+ 43.Kg2 Bd4 44.Qaf1 Qb2+ 45.Kh1 Qa2 46.Q1d1 Bf6 47.Qdd5 Qa1+ 48.Kg2 Qb2+
49.Qf2 Qc3 50.Qe2 Qc7 51.h4 Qa7 52.Qe8 Qc7 53.Qed7 Qxd7 54.Qxd7 g5 55.hxg5
Bxg5 56.Kf3 Kg6 57.Ke4 h4 58.Qf5+ Kh6 59.Qxf7 {#r} 1-0

[Event "16th Asian Continental w"]
[Site "Chengdu CHN"]
[Date "2017.05.13"]
[Round "2.4"]
[White "Nguyen Thi Mai Hung"]
[Black "Hoang Thi Bao Tram"]
[Result "1-0"]
[WhiteElo "2257"]
[BlackElo "2371"]

1.d4 d5 2.Nf3 Nf6 3.Bf4 c5 4.e3 cxd4 5.exd4 Nc6 6.c3 Bf5 7.Nbd2 e6 8.Qb3 Qc8
9.Nh4 Be4 10.Nxe4 dxe4 11.g3 Be7 12.Ng2 O-O 13.Be2 Nd5 14.Bd2 Bd6 15.O-O h6
16.Rae1 Nf6 17.Ne3 Rd8 18.Ng4 Nd5 19.f3 exf3 20.Bxf3 Qc7 21.Kg2 Bf8 22.Rf2 Rd7
23.Ref1 Na5 24.Qd1 Nc4 25.Bxd5 exd5 26.Bf4 Qd8 27.b3 Nd6 28.Bxd6 Bxd6 29.Rf5
Qe8 30.Rxd5 Qe6 31.c4 Re8 32.Qf3 Bb8 33.Re1 Qxe1 34.Rxd7 Rf8 35.Qxb7 Qd2+
36.Nf2 h5 37.Qd5 h4 38.Rd8 h3+ 39.Kf3 Qc3+ 40.Kg4 g6 41.Rxf8+ Kxf8 42.Qd8+ Kg7
43.Qxb8 Qxd4+ 44.Qf4 Qd7+ 45.Kf3 Qc6+ 46.Qe4 Qf6+ 47.Ke3 Qg5+ 48.Ke2 Qa5 49.a4
Qc3 50.Qd3 Qb2+ 51.Ke3 Kg8 52.Ng4 Kh7 53.c5 Kg8 54.Qd8+ Kh7 55.Nf6+ Kg7
56.Qg8+ Kh6 57.Qh8+ {#r} 1-0

[Event "Zahoracky GM 2017"]
[Site "Senica SVK"]
[Date "2017.05.10"]
[Round "3.5"]
[White "Kuznetsov,Mi1"]
[Black "Pechac,Jergus"]
[Result "0-1"]
[WhiteElo "2259"]
[BlackElo "2455"]

1.d4 Nf6 2.Nf3 d5 3.c4 e6 4.Qc2 Be7 5.e3 O-O 6.Nbd2 b6 7.Bd3 Bb7 8.O-O dxc4
9.Nxc4 Bxf3 10.gxf3 Qd5 11.f4 Nbd7 12.Rd1 Qh5 13.Qe2 Qh3 14.Ne5 Nxe5 15.dxe5
Ng4 16.f3 Nh6 17.e4 Kh8 18.Be3 f6 19.exf6 Bxf6 20.Rd2 c5 21.Qg2 Qh5 22.Bc4 Qe8
23.Qh3 Bd4 24.Bxd4 cxd4 25.Rxd4 Rxf4 26.Bxe6 Qg6+ 27.Kh1 Raf8 28.Rf1 Qf6
29.Rd2 Rh4 30.Qg3 Rxe4 31.Bh3 Rf4 32.Rd7 a5 33.b3 Nf7 34.Bg2 Ne5 35.Rb7 Nd3
36.h3 h5 37.Rd7 h4 38.Qh2 Qf5 39.Rd6 Rf6 40.Rxf6 Qxf6 41.Qg1 Qe6 42.Kh2 Qe5
43.Kh1 Rf6 44.Rd1 Qe2 45.Rf1 Qe5 46.Rd1 Rd6 47.Rd2 Qg5 48.f4 Qxf4 49.Re2 Re6
50.Rxe6 Nf2+ 51.Qxf2 Qxf2 52.a4 g5 53.Re4 Kg7 54.Rc4 Qe1+ 55.Kh2 Qg3+ 56.Kh1
Qxb3 57.Rg4 Kf6 58.Bf1 b5 59.axb5 a4 60.Kh2 a3 61.Bc4 Qc2+ 62.Kh1 a2 63.Bxa2
Qxa2 64.Rg1 Qd5+ 65.Kh2 Qxb5 66.Rf1+ Kg6 67.Rg1 Qe2+ 68.Rg2 Qf3 69.Rg1 Kf5
70.Rf1 Kf4 71.Rg1 Qf2+ 72.Rg2 Kf3 {#R} 0-1

[Event "German Int Juniors 2017"]
[Site "Stroebeck GER"]
[Date "2017.05.13"]
[Round "2.2"]
[White "Osmanodja,F"]
[Black "Fieberg,Samuel"]
[Result "1-0"]
[WhiteElo "2263"]
[BlackElo "2221"]
[EventType "k.o."]

1.e4 c5 2.Nf3 Nc6 3.Bc4 d6 4.c3 Nf6 5.d3 g6 6.O-O Bg7 7.Bb3 O-O 8.Re1 Bg4 9.h3
Bxf3 10.Qxf3 Rc8 11.Nd2 b5 12.a4 b4 13.Nc4 Nd7 14.Bd2 bxc3 15.bxc3 Nde5 16.Qe3
Nxc4 17.Bxc4 Na5 18.Ba2 Rb8 19.Reb1 Qc7 20.Qe2 Rxb1+ 21.Rxb1 Rb8 22.Qd1 Rxb1
23.Qxb1 a6 24.f4 e6 25.f5 gxf5 26.exf5 d5 27.Qe1 Qd7 28.Qg3 Kf8 29.Qb8+ Ke7
30.Bg5+ Bf6 31.Bh6 exf5 32.Qf8+ Ke6 33.Qxc5 Nc6 34.Qe3+ Kd6 35.Bf4+ Be5 36.d4
Bxf4 37.Qxf4+ Ke7 38.Bb1 Qe6 39.Kf2 Nd8 40.Bxf5 Qc6 41.Qg3 Ke8 42.Qg8+ Ke7
43.Qg5+ Ke8 44.Qe3+ Kf8 45.Bxh7 Qxa4 46.Qh6+ Ke8 47.Qd6 Qa2+ 48.Kg3 a5 49.Bf5
Ne6 50.Bxe6 fxe6 51.Qxe6+ Kf8 52.Qf6+ Kg8 53.h4 a4 54.h5 Qb1 55.h6 Qe1+ 56.Kh2
{#r} 1-0

[Event "German Int Juniors 2017"]
[Site "Stroebeck GER"]
[Date "2017.05.11"]
[Round "1.1"]
[White "Osmanodja,F"]
[Black "Grigorian,Sp"]
[Result "1-0"]
[WhiteElo "2263"]
[BlackElo "2341"]

1.e4 c5 2.Nc3 a6 3.Nf3 d6 4.d4 cxd4 5.Nxd4 Nf6 6.Be2 e6 7.O-O Be7 8.f4 Qc7
9.Be3 b5 10.e5 dxe5 11.fxe5 Nfd7 12.Bf3 Bb7 13.Bxb7 Qxb7 14.Qg4 Nc6 15.Rxf7
Ndxe5 16.Qxe6 Nxf7 17.Nxc6 Qd7 18.Qe4 Rc8 19.Na7 Rc4 20.Qa8+ Qd8 21.Qb7 Nd6
22.Qxa6 O-O 23.Naxb5 Qa8 24.Qxa8 Rxa8 25.Nd4 Rb8 26.Nd5 Bf6 27.Nxf6+ gxf6
28.b3 Rcc8 29.a4 Re8 30.Bf4 Rbd8 31.a5 Ne4 32.Nb5 Nc5 33.b4 Na6 34.Nd6 Re2
35.c3 Rc2 36.Nb7 Rc8 37.b5 Nb8 38.Bxb8 Rxb8 39.a6 Rxc3 40.a7 Ra8 41.Nd6 Rb3
42.Ra6 Rd3 43.Nc4 Rb3 44.b6 Rb4 45.h3 h5 46.Kh2 Kh7 47.Nd6 Rxb6 48.Rxb6 Rxa7
49.Rb7+ Rxb7 50.Nxb7 Kg6 51.Kg3 Kg5 52.Nd6 h4+ 53.Kf3 f5 54.Nb5 {#r} 1-0

[Event "ch-ISL 2017"]
[Site "Hafnarfjordur ISL"]
[Date "2017.05.11"]
[Round "2.3"]
[White "Bjornsson,Si"]
[Black "Kjartansson,Dav"]
[Result "1-0"]
[WhiteElo "2268"]
[BlackElo "2389"]

1.e4 e6 2.d4 d5 3.Nc3 Bb4 4.e5 Ne7 5.a3 Bxc3+ 6.bxc3 c5 7.Qg4 Qc7 8.Bd3 cxd4
9.Ne2 dxc3 10.Qxg7 Rg8 11.Qxh7 Nbc6 12.Bf4 Bd7 13.O-O O-O-O 14.Qxf7 Rdf8
15.Qh5 Nf5 16.Bxf5 Rxf5 17.Qf3 d4 18.Qe4 Qa5 19.Bg3 Qc5 20.Rfd1 Nxe5 21.Nxd4
Rg4 22.Nxf5 Rxe4 23.Nd6+ Kc7 24.Nxe4 Qa5 25.Nf6 Kc8 26.Bxe5 Qxe5 27.Nxd7 Qb5
28.a4 Qb2 29.Nc5 e5 30.Ne4 b6 31.h4 Kb7 32.Rac1 Qb4 33.f3 Qxa4 34.h5 Qb4 35.h6
Qe7 36.Rd6 Qh4 37.Rcd1 Ka6 38.Nxc3 Ka5 39.Ra1+ {#r} 1-0

[Event "TCh-BLR 2017"]
[Site "Minsk BLR"]
[Date "2017.05.10"]
[Round "3.2"]
[White "Poley,V"]
[Black "Sarichev,S"]
[Result "0-1"]
[WhiteElo "2271"]
[BlackElo "2023"]

1.Nf3 d5 2.e3 c5 3.b3 a6 4.Bb2 Nc6 5.d4 Bg4 6.dxc5 Nf6 7.h3 Bh5 8.a3 e6 9.b4
Be7 10.g4 Bg6 11.Nbd2 O-O 12.Bd3 a5 13.Bxg6 hxg6 14.Rb1 Nd7 15.Nd4 axb4
16.Nxc6 bxc6 17.axb4 Rb8 18.c3 Ne5 19.Qe2 g5 20.h4 gxh4 21.f4 Nc4 22.Nxc4 dxc4
23.Rd1 Qc7 24.g5 Rfd8 25.Rxh4 Bxg5 26.Rh1 Bf6 27.Qxc4 Rd5 28.Ke2 Rbd8 29.Rxd5
exd5 30.Qd3 g6 31.Bc1 Qd7 32.Kf3 Qe6 33.Bd2 Ra8 34.Kg3 Ra3 35.Rb1 Ra8 36.Rc1
Kg7 37.Qf1 Rh8 38.Kf2 Rh2+ 39.Ke1 Qe4 40.b5 Bh4+ 41.Kd1 Rh1 42.Qxh1 Qxh1+
43.Kc2 Qe4+ 44.Kd1 Qa4+ 45.Ke2 Qxb5+ 46.c4 dxc4 47.e4 c3+ {#R} 0-1

[Event "16th Asian Continental w"]
[Site "Chengdu CHN"]
[Date "2017.05.14"]
[Round "3.7"]
[White "Vaishali,R"]
[Black "Gong Qianyun"]
[Result "1-0"]
[WhiteElo "2272"]
[BlackElo "2298"]

1.e4 e6 2.d4 d5 3.Nd2 Be7 4.Ngf3 Nf6 5.e5 Nfd7 6.Bd3 c5 7.c3 b6 8.Ne4 Qc7
9.Ng3 Ba6 10.Bg5 Bxg5 11.Nxg5 Bxd3 12.Qxd3 h6 13.Nxe6 fxe6 14.Qg6+ Kf8 15.O-O
Nxe5 16.dxe5 Qf7 17.Qc2 Nc6 18.f4 Kg8 19.f5 Rf8 20.Rae1 h5 21.h4 Qe7 22.Qa4
Na5 23.f6 Qf7 24.Nf5 gxf6 25.Nd6 Qe7 26.Rxf6 Kh7 27.Qc2+ {#r} 1-0

[Event "16th Asian Continental w"]
[Site "Chengdu CHN"]
[Date "2017.05.12"]
[Round "1.17"]
[White "Vaishali,R"]
[Black "Mendoza,Shania Mae"]
[Result "1-0"]
[WhiteElo "2272"]
[BlackElo "2019"]

1.e4 e5 2.Nf3 Nc6 3.Nc3 Nf6 4.Bb5 Bc5 5.Nxe5 Nxe5 6.d4 Bxd4 7.Qxd4 Qe7 8.Bg5
c6 9.f4 Ng6 10.O-O h6 11.Bxf6 gxf6 12.Rae1 b6 13.b4 Kf8 14.e5 f5 15.Bd3 Qe6
16.Ne2 Ne7 17.Bc4 Qg6 18.Rf3 Rg8 19.Rg3 Qh7 20.Qd6 Rg6 21.Qc7 Ke8 22.Rd1 h5
23.Rgd3 h4 24.Rxd7 Bxd7 25.Rxd7 f6 26.Nd4 Qg7 27.Rxe7+ Qxe7 28.Qxc6+ Qd7
29.Qxa8+ Ke7 30.Nc6+ {#r} 1-0

[Event "6th Llucmajor Open 2017"]
[Site "Llucmajor ESP"]
[Date "2017.05.14"]
[Round "2.2"]
[White "Galiana Salom,J"]
[Black "Fedorchuk,S"]
[Result "0-1"]
[WhiteElo "2273"]
[BlackElo "2621"]

1.e4 c5 2.Nf3 e6 3.d4 cxd4 4.Nxd4 a6 5.Nc3 b5 6.Bd3 Qb6 7.Nb3 Qc7 8.O-O Nf6
9.f4 b4 10.Ne2 Bb7 11.Ng3 h5 12.Qe2 h4 13.Nh1 h3 14.g4 a5 15.g5 a4 16.Nd4 Bc5
17.c3 Nh5 18.Be3 Qb6 19.Nc2 Na6 20.Rae1 f5 21.Nxb4 fxe4 22.Bxa6 Bxa6 23.Nxa6
Rxa6 24.Rf2 Ra5 25.Bxc5 Rxc5 26.Qxe4 O-O 27.Re3 Rcf5 28.Qd4 Qxd4 29.cxd4 Nxf4
30.Re5 Rxe5 31.dxe5 Nd3 32.Rxf8+ Kxf8 33.Nf2 Nxb2 34.Kf1 Nc4 35.Nd3 a3 36.Ke2
Kf7 37.Kf3 Kg6 38.Kf4 Kh5 39.Nc5 Nb6 40.Ne4 Nd5+ 41.Kg3 Nb4 42.Nc3 Kxg5 43.Nb5
Nc2 44.Nd6 Ne3 45.Kf3 Ng4 46.Nc4 Kh4 47.Nxa3 Nxh2+ {#R} 0-1

[Event "Mateu Chalmeta Mem 2017"]
[Site "Sant Boi ESP"]
[Date "2017.05.12"]
[Round "4.3"]
[White "Chalmeta Ugas,R"]
[Black "Ros Alonso,Jaume"]
[Result "1-0"]
[WhiteElo "2276"]
[BlackElo "2211"]

1.Nf3 Nf6 2.g3 g6 3.Bg2 Bg7 4.c4 O-O 5.O-O d5 6.d4 dxc4 7.Ne5 c6 8.Nxc4 Be6
9.Qd3 Na6 10.a3 Bf5 11.Qd1 Be4 12.Nc3 Bxg2 13.Kxg2 Nd5 14.e4 Nxc3 15.bxc3 c5
16.Be3 Rc8 17.Qb3 Qc7 18.d5 Qd7 19.Rab1 Rb8 20.a4 Nc7 21.a5 f5 22.Bxc5 Kh8
23.Bxa7 Rbd8 24.Qxb7 fxe4 25.Bb6 Nxd5 26.Bxd8 Nf4+ 27.Kh1 Qd3 28.Ne3 Nh3
29.Bxe7 Nxf2+ 30.Rxf2 Rxf2 31.Qb8+ Bf8 32.Bxf8 Kg8 33.Bh6+ Kf7 34.Qf8+ Ke6
35.Rb6+ Kd7 36.Qxf2 {#r} 1-0

[Event "TCh-BLR 2017"]
[Site "Minsk BLR"]
[Date "2017.05.11"]
[Round "4.1"]
[White "Kolesnik,E"]
[Black "Nikitenko,M"]
[Result "0-1"]
[WhiteElo "2276"]
[BlackElo "2408"]

1.e4 e5 2.Nc3 Nc6 3.g3 Bc5 4.Bg2 d6 5.Na4 f5 6.d3 Bb4+ 7.c3 Ba5 8.b4 Bb6
9.Nxb6 axb6 10.Ne2 fxe4 11.Bxe4 Nf6 12.Bg2 Be6 13.O-O O-O 14.b5 Ne7 15.Bxb7
Ra5 16.Bg2 Rxb5 17.c4 Ra5 18.Bd2 Ra7 19.Nc3 Qc8 20.Nb5 Ra6 21.Qe2 Bg4 22.f3
Bd7 23.a4 Nf5 24.Bc3 c6 25.Nxd6 Nxd6 26.Qxe5 Nf7 27.Qe2 Bh3 28.Rfe1 Bxg2
29.Kxg2 Qf5 30.d4 Raa8 31.Qb2 Ng5 32.f4 Qh3+ 33.Kh1 Nge4 34.Re3 Rae8 35.Qg2
Nf2+ {#R} 0-1

[Event "Lviv Rapid Cup 2017"]
[Site "Lviv UKR"]
[Date "2017.05.09"]
[Round "13.11"]
[White "Vovk,Or"]
[Black "Golubev,M"]
[Result "1-0"]
[WhiteElo "2279"]
[BlackElo "2476"]

1.g4 d5 2.h3 e5 3.Bg2 h5 4.d4 e4 5.c4 dxc4 6.g5 Bf5 7.Nc3 Bb4 8.a3 Bxc3+
9.bxc3 Ne7 10.Qa4+ Nbc6 11.Qxc4 O-O 12.f3 exf3 13.Nxf3 Be4 14.Nh4 Na5 15.Qa2
Bxg2 16.Nxg2 Nd5 17.Bd2 Re8 18.c4 Nb6 19.g6 Naxc4 20.gxf7+ Kxf7 21.O-O+ Kg8
22.e3 Kh8 23.Rf5 g6 24.Rf7 Qd5 25.Raf1 Nxe3 26.Qxd5 Nbxd5 27.Bxe3 Nxe3 28.Nxe3
Rxe3 29.Rxc7 Rae8 30.Rff7 h4 31.Rh7+ Kg8 32.Rcg7+ Kf8 33.Rxb7 Re1+ 34.Kf2
R1e2+ 35.Kf3 R2e3+ 36.Kg4 Rg3+ 37.Kxh4 {#r} 1-0

[Event "16th Asian Continental w"]
[Site "Chengdu CHN"]
[Date "2017.05.14"]
[Round "3.12"]
[White "Nguyen Thi Thanh An"]
[Black "Nie,X"]
[Result "1-0"]
[WhiteElo "2280"]
[BlackElo "2045"]

1.d4 Nf6 2.Nf3 e6 3.g3 d5 4.Bg2 c5 5.c4 Nc6 6.cxd5 exd5 7.O-O Be6 8.Nc3 Be7
9.b3 O-O 10.Bb2 b6 11.e3 h6 12.Ne5 Rc8 13.Rc1 a6 14.Nxc6 Rxc6 15.dxc5 Rxc5
16.Qd3 b5 17.Ne2 Rxc1 18.Rxc1 Qd7 19.Nf4 Rd8 20.Qd4 Qd6 21.Rd1 Bf8 22.h3 Rd7
23.Rc1 Rd8 24.Qe5 Qd7 25.Rc7 Qe8 26.Nxe6 Qxe6 27.Qxe6 fxe6 28.h4 Ne8 29.Rc6
Rd6 30.Rc8 Kf7 31.Bf3 g6 32.h5 g5 33.Be2 Bg7 34.Ba3 Rb6 35.Bc5 Rb7 36.Bd3 Rc7
37.Bg6+ Kf6 38.Bd4+ e5 39.Bxe5+ Kxe5 40.Rxe8+ Kd6 41.Ra8 Kc5 42.Rxa6 d4
43.exd4+ Bxd4 44.Kg2 Kb4 45.a4 Kxb3 46.axb5 Kb4 47.Rc6 Ra7 48.Bd3 Bc5 49.Be2
Rf7 50.f3 g4 51.f4 Re7 52.Bxg4 Kxb5 53.Rxh6 Kc4 54.Rc6 Kd5 55.Bf3+ Kd4 56.g4
Rf7 57.Kg3 Bb4 58.g5 Bd2 {#r} 1-0

[Event "16th Asian Continental w"]
[Site "Chengdu CHN"]
[Date "2017.05.13"]
[Round "2.14"]
[White "Swathi,G"]
[Black "Du,Yuxin"]
[Result "0-1"]
[WhiteElo "2280"]
[BlackElo "2046"]

1.e4 c6 2.d4 d5 3.e5 Bf5 4.Nd2 e6 5.Nb3 Nd7 6.Nf3 Ne7 7.Be2 Nc8 8.O-O Be7 9.a4
O-O 10.a5 f6 11.c4 Bg4 12.cxd5 exd5 13.Ne1 Bxe2 14.Qxe2 Qc7 15.f4 c5 16.e6 Nb8
17.dxc5 Bxc5+ 18.Nxc5 Qxc5+ 19.Be3 d4 20.Bf2 Ne7 21.b4 Qxb4 22.Nc2 Qd6 23.Nxd4
Qxf4 24.Rab1 Qc7 25.Nb5 Qxa5 26.Ra1 Qd8 27.Rfd1 Qc8 28.Rac1 Nbc6 29.Bxa7 Rd8
30.Bb6 Rxd1+ 31.Rxd1 Ra6 32.Nd6 Qa8 33.Nc4 Ra1 34.h3 Qa4 35.Rxa1 Qxa1+ 36.Kh2
Qc1 37.Qa2 Qf4+ 38.g3 Qb8 39.Qd2 Qa8 40.h4 h6 41.Bc5 b5 42.Nb6 Qe8 43.Nd5 Nf5
44.Nf4 g5 45.Qd3 Ng7 46.hxg5 hxg5 47.Nd5 Qxe6 48.Nc7 Qc4 49.Qd6 Qe2+ 50.Kg1
Ne5 51.Bf2 Ng4 52.Bc5 Qh2+ 53.Kf1 Qh1+ 54.Ke2 Qe4+ 55.Kd2 Ne5 56.Qd8+ Kh7
57.Nxb5 Qg2+ 58.Kc3 Qxg3+ 59.Kc2 Qg2+ 60.Kb3 Qc6 61.Kb4 Qe4+ 62.Ka3 Nc4+
63.Kb3 Ne5 64.Bd4 Qd3+ 65.Ka2 Qxb5 66.Qxf6 Qc4+ 67.Kb1 Qxd4 {#R} 0-1

[Event "TCh-BLR 2017"]
[Site "Minsk BLR"]
[Date "2017.05.10"]
[Round "3.2"]
[White "Borsuk,Y"]
[Black "Podobedov,F"]
[Result "1-0"]
[WhiteElo "2280"]
[BlackElo "2189"]

1.e4 c5 2.Nc3 d6 3.d3 g6 4.Be3 Bg7 5.Qd2 Nc6 6.Be2 e6 7.h4 Nd4 8.h5 Qb6 9.Rb1
Bd7 10.Nf3 O-O-O 11.h6 Nxf3+ 12.Bxf3 Bd4 13.Nd1 Bc6 14.b4 f5 15.b5 fxe4
16.dxe4 d5 17.Bg4 dxe4 18.Bxd4 cxd4 19.bxc6 Qxb1 20.Bxe6+ Kc7 21.Qa5+ b6
22.Qe5+ Rd6 23.Qxh8 d3 24.Qxg8 d2+ 25.Ke2 Qb5+ 26.c4 {#r} 1-0

[Event "Zahoracky IM 2017"]
[Site "Senica SVK"]
[Date "2017.05.14"]
[Round "9.4"]
[White "Haring,V"]
[Black "Kostolansky,Sebastian Lukas"]
[Result "1-0"]
[WhiteElo "2282"]
[BlackElo "2154"]

1.e4 e6 2.d4 d5 3.Nd2 Nc6 4.c3 Nf6 5.e5 Nd7 6.Bd3 g6 7.Ndf3 Bg7 8.Nh3 f6
9.exf6 Qxf6 10.Bg5 Qf7 11.Bh4 O-O 12.Nfg5 Qe7 13.f4 Bf6 14.O-O h6 15.Bxg6 hxg5
16.fxg5 Bh8 17.Nf4 Qg7 18.Bc2 Rxf4 19.Rxf4 Ne7 20.Qh5 e5 21.Bh7+ Qxh7 22.Qe8+
Kg7 23.Qf7# 1-0

[Event "Zahoracky IM 2017"]
[Site "Senica SVK"]
[Date "2017.05.10"]
[Round "4.2"]
[White "Haring,V"]
[Black "Plat,V"]
[Result "0-1"]
[WhiteElo "2282"]
[BlackElo "2522"]

1.e4 d6 2.d4 Nf6 3.Nc3 e5 4.Nf3 Nbd7 5.Bc4 Be7 6.O-O O-O 7.Re1 c6 8.a4 a5 9.b3
Qc7 10.Bb2 Nb6 11.Bd3 Bg4 12.h3 exd4 13.Nb1 Bxf3 14.Qxf3 Nfd7 15.Bxd4 Bf6
16.Bxf6 Nxf6 17.Nc3 Rfe8 18.Ne2 Re5 19.Ng3 Rae8 20.Re3 Nbd7 21.Rae1 g6 22.Qd1
R5e7 23.Qa1 d5 24.R3e2 dxe4 25.Nxe4 Nd5 26.Bc4 Qf4 27.Bxd5 cxd5 28.Nc3 Rxe2
29.Rxe2 Rxe2 30.Nxe2 Qd2 31.Nc3 Nc5 32.Qb2 Nd3 33.Qa1 Qxf2+ 34.Kh1 Ne1 {#R}
0-1

[Event "Zahoracky GM 2017"]
[Site "Senica SVK"]
[Date "2017.05.12"]
[Round "6.2"]
[White "Karas,Marek"]
[Black "Pechac,Jergus"]
[Result "0-1"]
[WhiteElo "2283"]
[BlackElo "2455"]

1.d4 Nf6 2.Nf3 e6 3.c4 d5 4.Nc3 c6 5.Bg5 dxc4 6.e4 b5 7.e5 h6 8.Bh4 g5 9.Nxg5
hxg5 10.Bxg5 Be7 11.exf6 Bxf6 12.Bxf6 Qxf6 13.g3 Na6 14.Bg2 Bb7 15.Nxb5 O-O-O
16.Nc3 c5 17.d5 exd5 18.O-O d4 19.Qg4+ Qe6 20.Qxe6+ fxe6 21.Bxb7+ Kxb7 22.Ne4
Kc6 23.Nd2 Kd5 24.Rac1 Rb8 25.Nxc4 Nb4 26.a3 Nd3 27.Rc2 Rb3 28.f4 Rhb8 29.Rb1
Rc3 30.Rxc3 dxc3 31.b3 Kd4 {#R} 0-1

[Event "Zahoracky GM 2017"]
[Site "Senica SVK"]
[Date "2017.05.10"]
[Round "4.3"]
[White "Karas,Marek"]
[Black "Haring,Filip"]
[Result "0-1"]
[WhiteElo "2283"]
[BlackElo "2328"]

1.d4 Nf6 2.Bf4 e6 3.Nf3 b6 4.e3 Bb7 5.Nbd2 c5 6.Nc4 d5 7.Nce5 Be7 8.Bb5+ Kf8
9.Ng5 a6 10.Nexf7 Qc8 11.Nxh8 axb5 12.h4 Kg8 13.Nhf7 Nc6 14.Nd6 Bxd6 15.Bxd6
Qd7 16.Be5 Qe7 17.c3 Rf8 18.Qc2 b4 19.Rh3 bxc3 20.bxc3 cxd4 21.exd4 Ne4
22.Nxe4 dxe4 23.Qxe4 Rf5 24.Qe2 Nxe5 25.dxe5 Bxg2 26.Rg3 Qc5 27.Re3 Bd5 28.Rd1
Rf4 29.Qh5 h6 30.Rd2 Qb5 31.Rd4 Rf5 32.Qe2 Qa5 33.a4 Qc5 34.Qd2 Bc4 35.Rd8+
Kh7 36.Qd6 Qa5 37.Qb4 Qa6 38.Rd4 b5 39.a5 Qc6 40.Rde4 Bd5 41.Rf4 Bc4 42.Rxf5
Qh1+ 43.Kd2 exf5 44.Qf8 Qb1 45.Qd6 f4 46.Rd3 Qb2+ 47.Kd1 f3 48.Rxf3 Qe2+
49.Kc1 Qxf3 50.Qd4 Qe2 51.a6 Bd3 {#R} 0-1